000 00659cam a22002054a 4500
001 12488468
005 20250405171943.0
008 010731s2002 njua b 001 0 eng
020 _a013065132X (pbk.)
050 0 0 _aHD30.28
_b.W43 2002b
082 0 0 _a658.4/012
_221
100 1 _aWheelen, Thomas L.
245 1 0 _aStrategic management and business policy.
_pCases /
_cThomas L. Wheelen, J. David Hunger.
250 _a8th ed.
260 _aUpper Saddle River, NJ :
_bPrentice Hall,
_cc2002.
300 _a1 v. (various pagings) :
_bill. ;
_c26 cm.
650 0 _aStrategic planning
_vCase studies.
700 1 _aHunger, J. David,
_d1941-
942 _2lcc
_cBK
_n0
999 _c5377
_d5377